[Event "83rd ESP-ch Women-ch 2018"]
[Site "Linares"]
[Date "2018.08.27"]
[Round "8"]
[White "Rodriguez Redondo, Adhara"]
[Black "Porta Tovar, Guillem"]
[Result "0-1"]
[WhiteElo "1909"]
[BlackElo "2166"]
[Annotator "TA"]
[PlyCount "122"]
[EventDate "2018.08.09"]
[EventType "tourn"]
[EventCountry "ESP"]
[SourceTitle "playchess.com"]
[Source "ChessBase"]
[SourceQuality "1"]

{[%evp 22,122,25,17,20,22,36,-59,-43,-40,-48,-43,-36,-59,-47,-85,-70,-71,-59,-60,-14,0,-14,-11,36,-165,-159,-150,-160,-153,-158,-222,-231,-242,-97,-84,-101,-83,0,0,0,0,0,0,0,0,0,0,0,-9,-12,-94,-15,-31,-14,-24,-6,-77,-81,-147,-159,-210,-178,-421,-408,-439,-369,-587,-522,-598,-595,-533,-518,-577,-533,-530,-407,-393,-387,-544,-551,-687,-682,-696,-670,-894,-578,-603,-540,-1217,-1211,-1041,-759,-986,-991,-1083,-1074,-12837,-12837,-12841,-12842,-12839,-12839]} 1. e4 c5 2. Nf3 d6 3. d4 cxd4 4. Nxd4 Nf6 5. Nc3 a6 6. Be2 e5 7. Nb3 Be7 8. O-O Be6 9. Be3 Nbd7 10. a4 Rc8 11. a5 O-O 12. Qd2 {LiveBook: 427 Games} Rc6 {[%cal Bc8c6,Bc6d6,Bd6d5,Bd5b5][%mdl 32] B92: Sicilian Najdorf: 6 Be2} (12... Re8 13. Bf3 h6 14. Nc1 Nh7 15. g3 Bg5 16. Nd3 Nb8 17. Bxg5 Qxg5 18. Qxg5 hxg5 19. Rfd1 Nc6 20. Ne2 g4 {0-1 (39) Zherebukh,Y (2633)-Xiong,J (2640) Saint Louis 2018}) 13. f3 Qc7 14. Bd1 $146 {[#]} (14. Rfc1 $14) ({Predecessor:} 14. Rfc1 Rc8 15. Nd5 Qd8 16. c4 h6 17. Qb4 Bxd5 18. cxd5 Rxc1+ 19. Rxc1 Rxc1+ 20. Nxc1 {½-½ (36) Savanovic,A (2386)-Guidarelli,L (2388) Opatija 2003}) 14... d5 $1 $15 {[%cal Rd5d4][%mdl 512] Black is slightly better.} 15. exd5 (15. Nxd5 Nxd5) 15... Rd6 {[%cal Rf6d5]} 16. Qf2 Nxd5 17. Nxd5 Rxd5 18. f4 exf4 19. Bxf4 Qc4 $36 {[%mdl 2048] Black has good play.} 20. Qe2 Rc8 {And now ...Qxe2 would win.} 21. Qxc4 Rxc4 22. c3 Rb5 23. Nd2 $2 (23. Nd4 $1 $14 {stays ahead.} Bc5 24. Be2) 23... Bc5+ $19 ({Worse is} 23... Rxb2 24. Nxc4 Bxc4 25. Re1 $16) 24. Kh1 {[#]} Rxf4 $1 {[%mdl 512]} 25. Rxf4 Be3 ({Not} 25... Rxb2 26. Nc4 $14) 26. Re4 (26. Rd4 $17 {keeps fighting.} Bxd4 27. cxd4) 26... Bxd2 27. Ba4 Rxb2 (27... Rxa5 $19 28. Rd1 Nc5 29. Rxd2 Kf8 30. Rxe6 (30. Rd8+ $2 Ke7 $19) 30... fxe6) 28. Bxd7 $17 Bxd7 29. Rd1 Bxc3 ({Black should try} 29... Bg5 $1 $17 30. h4 Bc6 31. hxg5 h5) 30. h3 Bxa5 31. Rxd7 $11 {[%cal Re4e8][%mdl 4096] Endgame KRR-KRB} h6 32. Re8+ Kh7 33. Rxf7 Bc3 34. Rc7 Bf6 35. Re6 Kg6 36. Rd7 (36. Rc5 $11 {keeps the balance.}) 36... Kf5 (36... a5 $17 {Black wants to play ...a4.} 37. Rd5 Kf7) 37. Re8 b6 {[%cal Bb7b6,Bb6b5][%mdl 32]} 38. Rd5+ Kg6 39. Re6 {[#]} (39. Ra8 $11 {remains equal.}) 39... a5 $1 $17 40. Rd3 {[#]} (40. Re8 $142) 40... a4 $1 41. Ra3 (41. g4 $17) 41... b5 $19 42. Rb6 $2 (42. Kg1) 42... Kf5 43. Rb7 Ke4 44. Kg1 (44. g4 $142) 44... Kd5 45. Kf1 Kc4 46. Rf3 Rb3 47. Rf4+ Kc3 48. Rf3+ Kb4 {Strongly threatening ...Rxf3+.} 49. Rf5 Ka5 50. Ke1 (50. Rc5 $142 a3 51. Rc8) 50... a3 {White must now prevent ...Ka6.Black is clearly winning.} 51. Kd1 Rb1+ 52. Kc2 Rb2+ 53. Kc1 {If White can now play Ra7+ this consolidates a bit.} Bg5+ 54. Kd1 a2 {[%cal Ra2a1]} 55. Ra7+ Kb6 56. Rff7 Rb1+ 57. Kc2 a1=Q {( -> ...Qb2+)} 58. Rxa1 Rxa1 59. Rxg7 Ra2+ 60. Kb3 Rxg2 61. Rg6+ Kc5 {Precision: White = 39%, Black = 64%.} 0-1

[Event "83rd ESP-ch Women-ch 2018"]
[Site "Linares"]
[Date "2018.08.27"]
[Round "8"]
[White "Ucles Lirola, Moises"]
[Black "Jimenez de la Torre, Jose Antonio"]
[Result "0-1"]
[WhiteElo "1858"]
[BlackElo "2076"]
[Annotator "NA"]
[PlyCount "126"]
[EventDate "2018.08.09"]
[EventType "tourn"]
[EventCountry "ESP"]
[SourceTitle "playchess.com"]
[Source "ChessBase"]
[SourceQuality "1"]
[TimeControl "40/5400+30:1800+30"]

1. d4 {[%emt 0:01:00]} d5 {[%emt 0:00:00]} 2. Bf4 {[%emt 0:01:23]} c5 {[%emt 0:00:55]} 3. e3 {[%emt 0:02:34]} Nc6 {[%emt 0:00:13]} 4. Nf3 {[%emt 0:01:13]} e6 {[%emt 0:00:06]} 5. c4 {[%emt 0:01:05] D02: Damenbauernspiele} (5. c3 Bd6 6. Bg3 Nf6 7. Nbd2 O-O 8. Bb5 Ne7 9. Bd3 Qb6 10. Rb1 Ng6 11. Bxg6 hxg6 12. Bxd6 Qxd6 13. Ne5 b6 14. Qf3 Ba6 15. h4 Nd7 16. Nxd7 Qxd7 {0-1 (38) Gelfand,B (2734)-Inarkiev,E (2730) Magas 2016}) 5... Nf6 {[%emt 0:11:38]} 6. Nc3 {[%emt 0:01:57]} dxc4 {[%emt 0:06:02]} 7. Bxc4 cxd4 {[%emt 0:06:37]} 8. Nxd4 {[%emt 0:06:05]} Nxd4 {[%emt 0:00:28]} 9. Qxd4 {[%emt 0:01:57]} Qxd4 {[%emt 0:04:02]} 10. exd4 {[%emt 0:00:03]} Bb4 $146 {[%emt 0:00:23]} ({Vorgänger:} 10... Be7 11. d5 exd5 12. Bxd5 Nxd5 13. Nxd5 {1-0 (24) Morgen,H-Doerrschuck,S Bad Kreuznach 1995}) 11. a3 {[%emt 0:08:15]} Ba5 {[%emt 0:00:02]} 12. b4 {[%emt 0:16:00]} Bb6 {[%emt 0:00:07]} 13. Nb5 {[%emt 0:13:43]} a6 {[%emt 0:02:51]} 14. Nc7+ {[%emt 0:05:44]} Bxc7 {[%emt 0:00:07]} 15. Bxc7 {[%emt 0:00:07]} Bd7 {[%emt 0:00:26]} 16. Bd6 {[%emt 0:07:51]} Rc8 {[%emt 0:03:49]} 17. Bd3 {[%emt 0:05:57]} Bc6 {[%emt 0:03:05]} 18. O-O {[%emt 0:00:59]} Kd7 {[%emt 0:07:12]} 19. Be5 {[%emt 0:03:03]} Nd5 {[%emt 0:00:06]} 20. f3 {[%emt 0:04:09]} f6 {[%emt 0:01:37]} 21. Bg3 {[%emt 0:00:01]} Bb5 {[%emt 0:00:43]} 22. Bxb5+ {[%emt 0:07:27]} axb5 {[%emt 0:00:01]} 23. a4 {[%emt 0:00:36]} bxa4 {[%emt 0:00:33]} 24. Rxa4 {[%emt 0:00:09]} Rc4 {[%emt 0:00:06]} 25. Ra7 {[%emt 0:01:24]} Rxb4 {[%emt 0:00:36]} 26. Rc1 {[%emt 0:00:31]} g5 {[%emt 0:03:08]} 27. h3 {[%emt 0:00:55]} h6 {[%emt 0:00:29]} 28. Ra5 {[%emt 0:01:41]} Rc8 {[%emt 0:03:13]} 29. Rxc8 {[%emt 0:04:34]} Kxc8 {[%emt 0:00:02]} 30. Ra8+ {[%emt 0:00:15]} Kd7 {[%emt 0:00:07]} 31. Rh8 {[%emt 0:00:03]} Rxd4 {[%emt 0:00:36]} 32. Rxh6 {[%emt 0:00:08]} b5 {[%emt 0:00:29]} 33. h4 {[%emt 0:00:06]} gxh4 {[%emt 0:01:03]} 34. Bxh4 {[%emt 0:00:14]} b4 {[%emt 0:03:06]} 35. Rh7+ {[%emt 0:03:31]} Kc6 {[%emt 0:00:28]} 36. Rh8 {[%emt 0:00:10]} e5 {[%emt 0:15:20]} 37. Bf2 {[%emt 0:02:15]} Rd1+ {[%emt 0:00:25]} 38. Kh2 {[%emt 0:00:05]} Rf1 {[%emt 0:07:47]} 39. Bg1 {[%emt 0:01:08]} b3 {[%emt 0:03:39]} 40. Rc8+ {[%emt 0:00:33]} Nc7 {[%emt 0:08:23]} 41. Rb8 {[%emt 0:30:01]} Rb1 {[%emt 0:30:56]} 42. Rb6+ {[%emt 0:00:01]} Kd7 {[%emt 0:00:47]} 43. Rxf6 {[%emt 0:00:02]} Nd5 {[%emt 0:03:52]} 44. Rf7+ {[%emt 0:00:57]} Kc6 {[%emt 0:00:02]} 45. Rf8 {[%emt 0:00:45]} Rxg1 {[%emt 0:02:17]} 46. Kxg1 {[%emt 0:01:31]} b2 {[%emt 0:00:18]} 47. Rc8+ {[%emt 0:00:15]} Kb7 {[%emt 0:00:18]} 48. Rg8 {[%emt 0:00:15]} b1=Q+ {[%emt 0:00:22]} 49. Kf2 {[%emt 0:00:01]} Qa2+ {[%emt 0:00:39]} 50. Kg3 {[%emt 0:00:10]} Nf4 {[%emt 0:00:36]} 51. Rg7+ {[%emt 0:00:13]} Kc6 {[%emt 0:00:08]} 52. Kh2 {[%emt 0:00:23]} Qf2 {[%emt 0:00:27]} 53. Kh1 {[%emt 0:01:32]} Kd6 {[%emt 0:00:30]} 54. Rg4 {[%emt 0:00:24]} Ke6 {[%emt 0:00:30]} 55. Kh2 {[%emt 0:00:20]} Kf5 {[%emt 0:00:27]} 56. Rg8 {[%emt 0:00:23]} Ne2 {[%emt 0:01:42]} 57. Rf8+ {[%emt 0:01:00]} Kg5 {[%emt 0:00:28]} 58. Rg8+ {[%emt 0:00:30]} Kf4 {[%emt 0:00:41]} 59. Rg4+ {[%emt 0:00:40]} Kf5 {[%emt 0:01:21]} 60. Kh3 {[%emt 0:00:33]} Ng1+ {[%emt 0:00:12]} 61. Kh2 {[%emt 0:00:06]} Nxf3+ {[%emt 0:00:17]} 62. Kh3 {[%emt 0:00:16]} Ng1+ {[%emt 0:00:33]} 63. Kh2 {[%emt 0:00:27]} Kxg4 $19 {[%emt 0:00:41]} 0-1

[Event "83rd ESP-ch Women-ch 2018"]
[Site "Linares"]
[Date "2018.08.28"]
[Round "9"]
[White "Santos Latasa, Jaime"]
[Black "Teran Alvarez, Ismael"]
[Result "1/2-1/2"]
[WhiteElo "2582"]
[BlackElo "2377"]
[Annotator "TA"]
[PlyCount "60"]
[EventDate "2018.08.09"]
[EventType "tourn"]
[EventCountry "ESP"]
[SourceTitle "playchess.com"]
[Source "ChessBase"]
[SourceQuality "1"]

{[%evp 22,60,44,27,27,6,12,17,18,4,18,0,0,-6,0,0,33,26,26,26,28,27,28,23,25,8,12,0,13,0,0,0,0,0,0,0,0,0,0,0,0]} 1. d4 d6 2. Nf3 Nf6 3. c4 g6 4. g3 Bg7 5. Bg2 O-O 6. Nc3 c6 7. O-O Bf5 8. Ne1 Be6 9. d5 {E62: King's Indian: Fianchetto: 6...c6 and Panno Variation (6...Nc6) without ...a6} cxd5 10. cxd5 Bd7 11. Nd3 (11. Be3 a5 12. Bd4 Na6 13. Nd3 b5 14. a3 b4 15. axb4 Nxb4 16. Qd2 Rb8 17. Nxb4 Rxb4 {0-1 (57) Ding,L (2774)-Carlsen,M (2837) Saint Louis 2017}) 11... Na6 12. e4 {LiveBook: 3 Games} Ng4 $146 ({Predecessor:} 12... Qa5 13. a3 Rfc8 14. Re1 Qd8 15. e5 dxe5 16. Nxe5 Ne8 {1-0 (33) Radovanovic,M (2369)-Dimic,P (2347) Ruma 2017}) 13. Bf4 Qb6 14. h3 Ne5 {With the idea ...Nxd3.} 15. Nxe5 Bxe5 16. Bxe5 dxe5 17. Qd2 Nc7 18. h4 Nb5 19. Nxb5 Bxb5 20. Rfc1 Bd7 21. Rc3 Qd6 22. Rac1 Rac8 23. Qe3 b6 {The position is equal.} 24. f4 f6 25. a3 Rxc3 26. Rxc3 Rc8 27. Rxc8+ Bxc8 28. Qc3 Bd7 29. fxe5 Qxe5 30. Qxe5 fxe5 {Precision: White = 54%, Black = 73%.} 1/2-1/2

[Event "83rd ESP-ch Women-ch 2018"]
[Site "Linares"]
[Date "2018.08.28"]
[Round "9"]
[White "Santos Ruiz, Miguel"]
[Black "Vega Gutierrez, Sabrina Neide"]
[Result "1/2-1/2"]
[WhiteElo "2517"]
[BlackElo "2390"]
[Annotator "TA"]
[PlyCount "60"]
[EventDate "2018.08.09"]
[EventType "tourn"]
[EventCountry "ESP"]
[SourceTitle "playchess.com"]
[Source "ChessBase"]
[SourceQuality "1"]

{[%evp 16,60,18,20,19,20,29,25,30,27,29,28,41,15,22,6,87,84,98,97,91,93,93,95,100,102,89,90,107,95,86,104,100,85,92,52,37,0,0,0,0,0,0,-2,-13,-23,0]} 1. d4 d5 2. Nf3 c6 3. c4 e6 4. Nbd2 f5 5. g3 Nf6 6. Bg2 Bd6 7. Ne5 O-O 8. O-O b6 9. cxd5 {LiveBook: 3 Partien. A90: Holländische Verteidigung (Klassisches System, Stonewall und Varianten mit Lb4)} cxd5 10. Ndc4 Be7 $146 ({Vorgänger:} 10... Bc7 11. Bf4 Ba6 12. Rc1 Bxc4 13. Rxc4 dxc4 14. Bxa8 Nbd7 15. Bc6 Nxe5 16. dxe5 Ng4 {1-0 (79) Moiseenko,A (2710)-Can,E (2547) Biel 2015}) 11. Bf4 {Weiß hat minimalen Vorteil.} Bb7 12. Rc1 Ne4 13. Nd2 g5 14. Nxe4 dxe4 15. Be3 f4 (15... Na6 $11 {hält das Gleichgewicht.}) 16. Bd2 $36 {[%mdl 2048] Schwarz steht unter starkem Druck.} Bd5 17. gxf4 gxf4 18. Qc2 f3 19. exf3 exf3 20. Bh3 {Und weiter mit Kh1 wäre nett.} Nd7 {[#]} 21. Nc6 $1 {[%cal Rc6d8]} Qe8 22. Nxe7+ Qxe7 23. Kh1 Kh8 24. Rg1 Rg8 {[#] Weiss muss nun ...Dh4 beachten.} 25. Rg3 Qh4 {Und ...Txg3 würde nun gewinnen.} 26. Rcg1 (26. Qc7 $5 {[%cal Rc1g1]} Rxg3 27. Qxg3 $16) 26... Nf6 $1 {zielt auf ...Txg3 ab.} 27. Qc7 Rxg3 28. Rxg3 {[%csl Gg3][%cal Rc7g7]} Rg8 29. a3 Rxg3 30. Qxg3 Qxd4 {Precision: Weiß = 69%, Schwarz = 69%.} 1/2-1/2

[Event "83rd ESP-ch Women-ch 2018"]
[Site "Linares"]
[Date "2018.08.28"]
[Round "9"]
[White "Asis Gargatagli, Hipolito"]
[Black "Del Rio de Angelis, Salvador Gabriel"]
[Result "1/2-1/2"]
[WhiteElo "2515"]
[BlackElo "2525"]
[Annotator "TA"]
[PlyCount "45"]
[EventDate "2018.08.09"]
[EventType "tourn"]
[EventCountry "ESP"]
[SourceTitle "playchess.com"]
[Source "ChessBase"]
[SourceQuality "1"]

{[%evp 29,45,0,0,0,0,0,0,0,0,0,0,0,0,0,0,0,0,0]} 1. e4 e6 2. d4 d5 3. Nc3 dxe4 4. Nxe4 Nd7 5. Nf3 Ngf6 6. Nxf6+ Nxf6 7. Bd3 c5 8. dxc5 Bxc5 9. O-O O-O 10. Qe2 b6 11. Bg5 Bb7 12. Rad1 {C10: French with 3 Nc3: Unusual Black 3rd moves and 3...dxe4} Qc7 13. Bxf6 (13. Ne5 Rfd8 14. Rfe1 Rd5 15. Bf4 Rad8 16. Bg3 Qc8 17. a3 a5 18. c3 h6 19. h3 Bd6 {1-0 (106) Movsesian,S (2659)-Jussupow,A (2581) Doha 2014}) 13... gxf6 14. Be4 Bxe4 15. Qxe4 Rfd8 {LiveBook: 3 Games. The position is equal.} 16. c3 Rac8 17. g3 Rd7 18. Qg4+ Kh8 $146 19. Qh4 Kg7 20. Qg4+ Kh8 21. Qh4 Kg7 22. Qg4+ Kh8 23. Qh4 1/2-1/2

[Event "83rd ESP-ch Women-ch 2018"]
[Site "Linares"]
[Date "2018.08.28"]
[Round "9"]
[White "Cuenca Jimenez, Jose Fernando"]
[Black "Espinosa Aranda, Angel"]
[Result "1/2-1/2"]
[WhiteElo "2506"]
[BlackElo "2451"]
[Annotator "TA"]
[PlyCount "89"]
[EventDate "2018.08.09"]
[EventType "tourn"]
[EventCountry "ESP"]
[SourceTitle "playchess.com"]
[Source "ChessBase"]
[SourceQuality "1"]

{[%evp 19,89,0,5,0,10,0,1,0,33,0,-7,-7,0,-7,0,-20,-14,-27,-14,-23,-12,-59,-22,-27,0,0,0,0,0,0,0,0,0,0,0,0,0,0,8,0,41,25,29,17,8,14,28,26,12,16,16,20,89,89,89,89,330,87,78,0,0,0,0,0,0,-99,-87,-101,-93,-85,-8,-8]} 1. Nf3 d5 2. b3 Bg4 3. e3 Nd7 4. Bb2 e6 5. h3 Bh5 6. d3 c6 7. Nbd2 h6 8. Be2 Ngf6 9. O-O Be7 10. c4 O-O 11. Qc2 {A12: English Opening: 1...c6 with b3 by White} a5 12. a3 Qb8 $146 ({Predecessor:} 12... Qb6 13. Rfc1 Rfd8 {½-½ (57) Fauland,A (2480)-Kuczynski,R (2460) Linz 1990}) 13. Rac1 e5 14. Rfe1 Bd6 15. Nh4 Bxe2 16. Rxe2 Re8 17. Qb1 Bf8 18. Nhf3 Qd6 19. cxd5 cxd5 20. e4 dxe4 21. dxe4 Nc5 22. Re3 b5 23. a4 bxa4 24. bxa4 Rab8 25. Qc2 {[#] aiming for Bxe5.} Rxb2 $1 {[%mdl 512]} 26. Qxb2 Nd3 27. Rxd3 $1 Qxd3 28. Rc3 Qd7 29. Qc2 Bb4 30. Rc7 $36 {[%mdl 2048] White fights for an advantage.} Qd6 31. Rc6 Qd7 32. Nf1 {[%cal Bd2f1,Bf1e3,Be3f5][%mdl 32]} Nh5 33. Rc7 Qe6 34. Ne3 Nf4 35. Kh2 Re7 {[#]} (35... Rd8 $11) 36. Rc6 $1 $16 {[%cal Rc6e6]} Qd7 37. Nf5 Re6 $2 (37... Re8 $16) 38. Rc8+ $2 (38. Rc7 $18 {and the rest is easy.} Qd3 39. Rc8+ Kh7 40. Qc7) 38... Re8 39. Rxe8+ (39. Rc7 $16 Qd8 40. Qc4) 39... Qxe8 $11 40. g3 Ne6 41. Nxe5 Nc5 42. f4 (42. Nc6 $11 {keeps the balance.} Qxe4 43. Nxb4 (43. Nce7+ Kh7 $15) 43... Qxb4 44. Ne7+ Kf8 45. Nc6) 42... Qxa4 $17 43. Qc4 Qb3 {Strongly threatening ...a4.} 44. Ne7+ {[#]} Kf8 ({Better is} 44... Kh7 $1 $17 {...Qb2+ is the strong threat.} 45. Qxb3 Nxb3) 45. N7c6 $1 {Precision: White = 64%, Black = 48%.} 1/2-1/2

[Event "83rd ESP-ch Women-ch 2018"]
[Site "Linares"]
[Date "2018.08.28"]
[Round "9"]
[White "Huerga Leache, Mikel"]
[Black "Rodriguez Perez, Angel Mariano"]
[Result "1-0"]
[WhiteElo "2451"]
[BlackElo "2223"]
[Annotator "TA"]
[PlyCount "77"]
[EventDate "2018.08.09"]
[EventType "tourn"]
[EventCountry "ESP"]
[SourceTitle "playchess.com"]
[Source "ChessBase"]
[SourceQuality "1"]

{[%evp 20,77,64,60,100,100,102,68,68,-43,-18,-18,-8,-16,-9,-1,-10,-11,-12,-9,0,0,0,0,0,-4,-1,-6,0,0,0,0,15,21,122,122,134,136,152,140,170,174,175,166,166,146,152,129,158,158,293,295,331,328,378,382,623,608,609,440]} 1. d4 g6 2. Nf3 Bg7 3. g3 Nf6 4. Bg2 O-O 5. O-O c6 6. b3 d5 7. Bb2 Bf5 8. c4 Qc8 9. Re1 {D78: Fianchetto Grünfeld: 6 0-0 c6} Bh3 10. Bh1 Ne4 11. Nbd2 {LiveBook: 3 Games. White is slightly better.} Qf5 $146 ({Predecessor:} 11... f5 12. Rc1 Qe6 13. b4 h6 14. Qb3 Nd7 15. b5 g5 16. cxd5 cxd5 {0-1 (36) Sokolov,I (2645)-Mammadova,G (2354) Al Ain 2014}) 12. Nxe4 dxe4 13. Nh4 (13. Nd2 {feels hotter.} c5 14. Bxe4 Qc8 15. e3 Nc6 16. Bxc6 bxc6 17. Ne4) 13... Qg4 14. e3 (14. Qd2 $14) 14... Qxd1 (14... g5 {looks sharper.} 15. Qxg4 Bxg4 16. Ng2 f5 17. Reb1 e5) 15. Rexd1 g5 {[%cal Bg6g5,Bg5g4,Bg4f3][%mdl 32]} 16. Ng2 $1 Bg4 17. Rd2 Bf3 18. Ba3 Re8 19. Ne1 g4 20. Bg2 Na6 21. Nxf3 gxf3 22. Bh3 $36 {[%mdl 2048] [#] aiming for Bf5. White is pushing.} e6 23. Rad1 Red8 24. d5 Bc3 25. Rc2 Bb4 26. Bb2 Be7 (26... Kf8 $11) 27. Rcd2 $16 cxd5 28. cxd5 exd5 29. Rxd5 Nb4 30. Rxd8+ Rxd8 31. Rxd8+ Bxd8 $18 {[%mdl 4096] Endgame KBB-KBN} 32. Bc8 b6 33. a4 {[%cal Ba2a4,Ba4b5][%mdl 32]} Nd3 34. Ba3 b5 (34... h6 $16 35. Bf5 Nc5 36. Bxc5 bxc5 37. Bxe4 Ba5 38. Bxf3 f6) 35. axb5 Ba5 36. Bf5 Be1 37. Kf1 Bd2 $2 {[#]} (37... Ba5 38. Bxe4 Ne5) 38. Bxe4 Nc1 39. Bd5 {Precision: White = 69%, Black = 26%.} 1-0

[Event "83rd ESP-ch Women-ch 2018"]
[Site "Linares"]
[Date "2018.08.28"]
[Round "9"]
[White "Garriga Cazorla, Pere"]
[Black "Kolotilina, Liudmila"]
[Result "1-0"]
[WhiteElo "2444"]
[BlackElo "2216"]
[Annotator "TA"]
[PlyCount "69"]
[EventDate "2018.08.09"]
[EventType "tourn"]
[EventCountry "ESP"]
[SourceTitle "playchess.com"]
[Source "ChessBase"]
[SourceQuality "1"]

{[%evp 16,69,41,32,45,25,33,8,86,81,79,45,111,104,122,112,129,125,106,85,88,93,96,68,83,64,128,129,120,137,124,116,116,107,117,115,113,119,117,114,123,120,120,123,222,222,378,363,543,535,976,636,623,619,586,577]} 1. d4 d5 2. c4 e6 3. Nf3 {[%cal Bg1f3,Bf3e1,Be1d3,Bd3e5][%mdl 32]} Nf6 4. g3 c6 5. Nbd2 Ne4 (5... Be7 6. Bg2 O-O 7. O-O b6 8. b3 Bb7 9. Bb2 Nbd7 10. Rc1 Rc8 11. e3 dxc4 12. Nxc4 c5 13. Qe2 cxd4 14. Nxd4 Bxg2 15. Kxg2 a6 16. Nf3 b5 17. Nce5 Qb6 18. Nxd7 {½-½ (18) Dubov,D (2691)-Korobov,A (2664) Abu Dhabi 2018}) 6. Bg2 {D30: Queen's Gambit Declined: Systems without Nc3} f5 7. O-O Nd7 8. Ne1 Bd6 9. Qc2 {[%cal Rd2e4] LiveBook: 4 Games} Qf6 10. Nb3 O-O 11. Nd3 Kh8 $146 (11... g5 $11) ({Predecessor:} 11... dxc4 12. Qxc4 Nb6 13. Qc2 Nd5 14. Bf4 Nxf4 15. Nxf4 e5 16. dxe5 Qxe5 {0-1 (33) Sbarra,M (2276)-Bruno,F (2437) Acqui Terme 2011}) 12. f3 $16 Ng5 13. Ne5 dxc4 (13... Nf7 $14) 14. Nxc4 Bc7 15. e4 Qg6 16. e5 Nb6 17. Nxb6 axb6 18. Be3 Qh5 19. Kh1 Bd7 20. Nd2 Nh3 {[#]} (20... Nf7 $14) 21. f4 $1 g5 22. fxg5 Nxg5 23. a3 Rg8 24. Rae1 Nf7 {With the idea ...Rxg3.} 25. Bf4 Bd8 26. Nc4 Qg6 27. Qe2 Ra4 28. b3 Ra7 29. a4 Be7 (29... Qg7 $16 30. Rc1 Ra6) 30. Nxb6 $18 Bc8 $2 {[#]} (30... Rd8 {might work better.} 31. Qd2 Kg8) 31. d5 $1 {[%mdl 512]} exd5 (31... Bc5 $142 32. Nxc8 (32. dxc6 Bxb6 33. Be3 Bxe3 $16) 32... Rxc8) (31... cxd5 32. Rc1) 32. e6 {White is clearly winning.} Ng5 33. Qe5+ Bf6 34. Qb8 Bxe6 35. Qxa7 {Precision: White = 76%, Black = 39%.} 1-0

[Event "83rd ESP-ch Women-ch 2018"]
[Site "Linares"]
[Date "2018.08.28"]
[Round "9"]
[White "Cruz Lledo, Pablo"]
[Black "Sole Pijuan, Ferran"]
[Result "1-0"]
[WhiteElo "2432"]
[BlackElo "2320"]
[Annotator "TA"]
[PlyCount "63"]
[EventDate "2018.08.09"]
[EventType "tourn"]
[EventCountry "ESP"]
[SourceTitle "playchess.com"]
[Source "ChessBase"]
[SourceQuality "1"]

{[%evp 16,63,0,-15,20,11,34,0,113,121,195,169,195,130,127,83,89,71,75,55,79,82,87,58,83,66,72,50,102,115,114,89,110,104,133,132,137,135,145,138,145,140,136,131,133,104,315,308,1425,1394]} 1. d4 d5 2. c4 e6 3. e3 Nf6 4. Nf3 b6 5. cxd5 exd5 6. Bd3 Bd6 7. O-O O-O 8. Nc3 Bb7 9. Ne5 {LiveBook: 9 Games. E14: Queen's Indian: Classical Variation (4 e3)} (9. b3 Nbd7 10. Bb2 a6 11. Rc1 Ne4 12. Ne2 Qe7 13. Qc2 Rac8 14. Ng3 f5 15. Qe2 b5 16. Rc2 c6 17. Rfc1 Rce8 18. Nf1 Qf6 19. Ne1 Qh6 20. Rd1 Re6 {½-½ (28) Li,C (2739)-Schroeder,J (2552) Germany 2017}) 9... Nbd7 10. f4 Ne4 11. Bd2 $146 {White is slightly better.} ({Predecessor:} 11. Nxe4 dxe4 12. Bc4 Qe7 13. Bd2 Nf6 14. Qb3 {½-½ (54) Aloma Vidal,R (2400)-Vassallo Barroche,M (2433) Barbera del Valles 2012}) 11... f6 (11... c5 $11) 12. Nxe4 $16 Bxe5 (12... fxe5 $16 13. Ng5 (13. dxe5 dxe4 14. Bc4+ Kh8 $16) (13. Nxd6 cxd6 14. Qc2 e4 $16) 13... e4) 13. Ng3 Bd6 14. Qh5 ({Better is} 14. Qg4 $18) 14... f5 15. Bxf5 Nf6 16. Qh3 (16. Qg5 {seems wilder.} Qe8 17. Bd3 h6 18. Qg6 c5 19. b3) 16... Bc8 17. Rae1 Bxf5 18. Qxf5 Qc8 19. Qd3 Qd7 20. b4 Rae8 21. b5 (21. Rc1 {is interesting.} c6 22. Rc2 Rc8 23. Rfc1 Qe8 24. a4) 21... Ne4 (21... a6 $14) 22. Nxe4 Rxe4 23. Qb3 Be7 24. Rc1 {Rxc7! is the strong threat.} Bd8 25. Rf3 h5 26. a4 Re6 27. Qc2 h4 28. Be1 {[%cal Bd2e1,Be1f2,Bf2h4,Bh4g5][%mdl 32]} Qe8 29. Bf2 Qh5 30. Rh3 Rg6 $2 {[#]} (30... g5 $16 {was necessary.}) 31. Bxh4 $1 $18 {[%mdl 512]} Re8 $2 (31... Bxh4 32. Rxh4 Qxh4) 32. Bg5 {Precision: White = 63%, Black = 20%.} 1-0

[Event "83rd ESP-ch Women-ch 2018"]
[Site "Linares"]
[Date "2018.08.28"]
[Round "9"]
[White "Ladron de Guevara Pinto, Paolo"]
[Black "Serarols Mabras, Bernat"]
[Result "1/2-1/2"]
[WhiteElo "2424"]
[BlackElo "2313"]
[Annotator "TA"]
[PlyCount "97"]
[EventDate "2018.08.09"]
[EventType "tourn"]
[EventCountry "ESP"]
[SourceTitle "playchess.com"]
[Source "ChessBase"]
[SourceQuality "1"]

{[%evp 36,97,60,60,67,57,67,63,49,56,52,40,49,53,46,22,23,8,15,8,22,22,22,22,27,31,73,34,34,34,41,34,34,34,34,34,56,41,56,56,56,56,56,49,53,27,53,53,53,22,22,0,60,56,69,22,22,10,12,0,29,22,22,0]} 1. e4 c6 2. Nc3 d5 3. Nf3 Bg4 {[%cal Bc8g4,Bg4h5,Bh5g6,Bg6e4][%mdl 32]} 4. h3 Bh5 5. exd5 cxd5 6. Bb5+ Nc6 7. g4 Bg6 8. Ne5 Rc8 9. d4 e6 10. Qe2 Bb4 11. h4 Nge7 12. h5 Be4 13. f3 O-O 14. Nxc6 Nxc6 15. Be3 {B11: Caro-Kann: Two Knights Variation} Qf6 16. fxe4 Nxd4 17. Bxd4 Qxd4 18. Rd1 Bxc3+ 19. bxc3 {LiveBook: 15 Games} Qxc3+ 20. Kf1 dxe4 21. Qxe4 {aiming for Bd3.} Qxc2 22. Qxc2 Rxc2 {[#]} 23. a4 $146 Ra2 24. Rh3 a6 25. Be2 (25. Bd7 {keeps more tension.} Rd8 26. Rc3 g6 27. Rdd3 gxh5 28. gxh5 Kf8 29. Rc7) 25... Rxa4 26. Rc3 h6 27. Rc7 g6 28. Rxb7 gxh5 29. gxh5 Rf4+ 30. Ke1 Rf5 31. Rdd7 a5 32. Ra7 Kg7 33. Kd2 Kg8 34. Bg4 Re5 35. Bf3 Kg7 36. Kd3 Kf6 37. Kd4 Rf5 38. Ke3 Re5+ 39. Kf2 Rf5 40. Rdb7 Rg5 41. Rc7 Rf5 42. Kg3 Rg8+ 43. Kf2 Rf8 44. Rab7 Rg5 45. Rc4 Rf5 46. Kg3 Rg8+ 47. Kf2 Rf8 48. Ra7 Rd8 {[#] White must now prevent ...Rd3.} 49. Rcc7 {Precision: White = 37%, Black = 70%.} 1/2-1/2